Main Macroeconomic indicators (Record no. 6440)

MARC details
000 -LEADER
fixed length control field 00594nam a22002057i 4500
001 - CONTROL NUMBER
control field 7579
003 - CONTROL NUMBER IDENTIFIER
control field OSt
005 - DATE AND TIME OF LATEST TRANSACTION
control field 20170126082402.0
007 - PHYSICAL DESCRIPTION FIXED FIELD--GENERAL INFORMATION
fixed length control field tu
008 - FIXED-LENGTH DATA ELEMENTS--GENERAL INFORMATION
fixed length control field 161220s xxu||||| |||| 00| 0 d
024 7# - OTHER STANDARD IDENTIFIER
Standard number or code 7579
Source of number or code RID
024 7# - OTHER STANDARD IDENTIFIER
Standard number or code 7579
Source of number or code RSN (alt)
040 ## - CATALOGING SOURCE
Transcribing agency OSt
110 2# - MAIN ENTRY--CORPORATE NAME
Corporate name or jurisdiction name as entry element National Statistical Institute
245 00 - TITLE STATEMENT
Title Main Macroeconomic indicators
260 ## - PUBLICATION, DISTRIBUTION, ETC.
Place of publication, distribution, etc. Sofja.
300 ## - PHYSICAL DESCRIPTION
Dimensions 30cm
490 ## - SERIES STATEMENT
Series statement Main Macroeconomic indicators
866 #0 - TEXTUAL HOLDINGS--BASIC BIBLIOGRAPHIC UNIT
-- 1991-1994; 1991-1995; 1991-1996; 1991-1997; 1991-1998; 1991-1999; 1991-2000; 1991-2001; 1991-2002; 1991-2003; 1991-2004; 1991-2005; 1991-2006
942 ## - ADDED ENTRY ELEMENTS (KOHA)
Koha item type Statistics
Holdings
Withdrawn status Lost status Damaged status Not for loan Home library Current library Shelving location Date acquired Inventory number Total Checkouts Barcode Date last seen Price effective from Koha item type
        WIIW WIIW Library 07/18/2007 7579   10003551 01/26/2017 01/26/2017 Statistics
The Vienna Instiute for International Economic Studies (wiiw)